Normal view MARC view
  • Tolkien, J. R. R.

Entry Personal Name

Number of records used in: 2

001 - CONTROL NUMBER

  • control field: 40221

003 - CONTROL NUMBER IDENTIFIER

  • control field: OSt

005 - DATE AND TIME OF LATEST TRANSACTION

  • control field: 20160619095023.0

008 - FIXED-LENGTH DATA ELEMENTS

  • fixed length control field: 160619|| aca||aabn | a|a d

040 ## - CATALOGING SOURCE

  • Original cataloging agency: OSt

100 1# - HEADING--PERSONAL NAME

  • Personal name: Tolkien, J. R. R.
  • Fuller form of name: (John Ronald Reuel),
  • Dates associated with a name: 1892-1973

400 1# - SEE FROM TRACING--PERSONAL NAME

  • Personal name: Tolkien, John Ronald Reuel,
  • Dates associated with a name: 1892-1973

400 1# - SEE FROM TRACING--PERSONAL NAME

  • Personal name: Tolkin, Dzhon Ronalʹd Ruėl,
  • Dates associated with a name: 1892-1973

400 1# - SEE FROM TRACING--PERSONAL NAME

  • Personal name: Ṭolḳin, Dzshey. R. R.,
  • Dates associated with a name: 1892-1973